[Event "2nd EUR-ch (w)"]
[Site "Warsaw POL"]
[Date "2001.04.30"]
[Round "8.48"]
[White "Korbut, Ekaterina"]
[Black "Grosar, Kiti"]
[Result "1/2-1/2"]
[WhiteElo "2330"]
[BlackElo "2244"]
[EventDate "2001.04.21"]
[PlyCount "107"]

1.e4 c5 2.Nf3 d6 3.d4 Nf6 4.Nc3 cxd4 5.Nxd4 Nc6 6.Bg5 e6 7.Qd2 a6 8.O-O-O 
Bd7 9.f3 Be7 10.h4 Rc8 11.Kb1 Ne5 12.g4 b5 13.Bd3 b4 14.Nce2 Qb6 15.Be3 
Qb7 16.g5 Nh5 17.Rhg1 g6 18.f4 Nc4 19.Bxc4 Rxc4 20.Qd3 Rc7 21.Nb3 Bb5 22.
Qd4 O-O 23.Na5 Qc8 24.Rd2 Rd8 25.Nc1 d5 26.Ncb3 Rc4 27.Nxc4 dxc4 28.Qe5 
cxb3 29.Rxd8+ Bxd8 30.cxb3 Qd7 31.Bd4 f6 32.Qc5 Be7 33.Qb6 Bd8 34.Qc5 Nxf4
35.gxf6 Kf7 36.Qxb4 Nd3 37.Qc3 Ba5 38.Qxa5 Qxd4 39.Qc7+ Bd7 40.Rg2 Ne1 41.
Rh2 Qxe4+ 42.Ka1 Qc6 43.Qf4 Nf3 44.Qh6 e5 45.Qg7+ Ke6 46.Rh1 Nd4 47.Qe7+ 
Kd5 48.f7 Nc2+ 49.Kb1 Bf5 50.Qd8+ Ke4 51.f8=Q Na3+ 52.Ka1 Nc2+ 53.Kb1 Na3+
54.Ka1 1/2-1/2

[Event "2nd EUR-ch (w)"]
[Site "Warsaw POL"]
[Date "2001.04.30"]
[Round "8.49"]
[White "Khukhashvili, Sopiko"]
[Black "Mamedyarova, Zeinab"]
[Result "0-1"]
[WhiteElo "2326"]
[BlackElo "2226"]
[EventDate "2001.04.21"]
[PlyCount "104"]

1.e4 e5 2.Nf3 Nc6 3.d4 exd4 4.Nxd4 Qf6 5.Be3 Bc5 6.c3 Nge7 7.Bc4 Ne5 8.Be2
d5 9.O-O O-O 10.Nd2 Rd8 11.a4 a6 12.Qe1 N5c6 13.Nxc6 Qxc6 14.Bf3 d4 15.
cxd4 Bxd4 16.Rc1 Qf6 17.Nc4 Nc6 18.Qe2 Be6 19.e5 Qf5 20.Bxc6 bxc6 21.f4 c5
22.Kh1 Rab8 23.Bxd4 Rxd4 24.Na5 Bd7 25.Rxc5 Rxf4 26.Rxf4 Qxf4 27.h3 Qxa4 
28.Rxc7 Be6 29.Nb7 h6 30.Kh2 Qf4+ 31.Kh1 Qd4 32.Qxa6 Qxe5 33.Rc3 Bd5 34.
Qd6 Qxd6 35.Nxd6 Rxb2 36.Rg3 g6 37.Nf5 Rxg2 38.Ne7+ Kf8 39.Nxg6+ Kg7 40.
Rxg2 Bxg2+ 41.Kxg2 Kxg6 42.Kf2 Kf5 43.Kf3 Ke5 44.h4 Kf5 45.Kg3 Ke4 46.Kg4 
f5+ 47.Kh5 f4 48.Kxh6 f3 49.h5 f2 50.Kg7 f1=Q 51.h6 Qa1+ 52.Kg8 Kf5 0-1

[Event "2nd EUR-ch (w)"]
[Site "Warsaw POL"]
[Date "2001.04.30"]
[Round "8.50"]
[White "Burvenich, Silvia"]
[Black "Berend, Elvira"]
[Result "0-1"]
[WhiteElo "2224"]
[BlackElo "2312"]
[EventDate "2001.04.21"]
[PlyCount "68"]

1.c4 Nf6 2.g3 g6 3.Bg2 Bg7 4.Nc3 O-O 5.e4 d6 6.Nge2 c5 7.O-O Nc6 8.h3 Ne8 
9.d3 Nc7 10.Rb1 Rb8 11.b3 a6 12.Kh2 Ne6 13.Bb2 b5 14.f4 Ned4 15.f5 bxc4 
16.dxc4 a5 17.Nxd4 cxd4 18.Nb5 Qb6 19.Qd2 Ba6 20.a4 Bxb5 21.axb5 Nb4 22.
Rbd1 d3 23.Bxg7 Kxg7 24.Qc3+ f6 25.fxg6 hxg6 26.Ra1 Rh8 27.Bf3 Nc2 28.c5 
dxc5 29.Qxa5 Nxa1 30.Qxa1 Qxb5 31.e5 Qxb3 32.exf6+ exf6 33.Qa7+ Qf7 34.
Qxc5 Rhc8 0-1

[Event "2nd EUR-ch (w)"]
[Site "Warsaw POL"]
[Date "2001.04.30"]
[Round "8.51"]
[White "Matras, Agnieszka"]
[Black "Hernandez Estevez, Yudania"]
[Result "1-0"]
[WhiteElo "2220"]
[BlackElo "2265"]
[EventDate "2001.04.21"]
[PlyCount "119"]

1.e4 e5 2.Nf3 Nf6 3.Nxe5 d6 4.Nf3 Nxe4 5.d4 Nc6 6.Bd3 d5 7.O-O Be7 8.c4 
Nb4 9.Be2 O-O 10.a3 Nc6 11.cxd5 Qxd5 12.Nc3 Nxc3 13.bxc3 Na5 14.Ne5 Bf6 
15.Bf3 Qd8 16.Qa4 c6 17.Bf4 Be6 18.Rab1 b5 19.Qd1 Bxe5 20.Bxe5 Bd5 21.Re1 
Re8 22.Bxd5 Qxd5 23.Qg4 g6 24.Qh4 Re6 25.f4 Nc4 26.Qh6 Nxe5 27.fxe5 f6 28.
exf6 Rxf6 29.Re7 Rf7 30.Rbe1 Raf8 31.h3 Qf5 32.R1e5 Qf2+ 33.Kh2 a5 34.R5e6
Rxe7 35.Rxe7 Rf7 36.Re8+ Rf8 37.Re7 Rf7 38.Re8+ Rf8 39.Re6 c5 40.d5 Qf7 
41.Qe3 b4 42.cxb4 axb4 43.axb4 cxb4 44.d6 b3 45.Qxb3 Rd8 46.Qe3 Rf8 47.Qe5
Qf5 48.Qxf5 gxf5 49.Re7 Rf7 50.d7 Rxe7 51.d8=Q+ Kf7 52.Kg3 Re4 53.Kf3 h5 
54.g3 Kg6 55.Qd6+ Kg7 56.Qd7+ Kg6 57.Qd8 Re6 58.Qg8+ Kf6 59.Qh7 f4 60.Kxf4
1-0

[Event "2nd EUR-ch (w)"]
[Site "Warsaw POL"]
[Date "2001.04.30"]
[Round "8.52"]
[White "Krivec, Jana"]
[Black "Tetenkina, Irina"]
[Result "0-1"]
[WhiteElo "2265"]
[BlackElo "2221"]
[EventDate "2001.04.21"]
[PlyCount "106"]

1.e4 e5 2.Nc3 Nf6 3.g3 d5 4.exd5 Nxd5 5.Bg2 Nxc3 6.bxc3 Bc5 7.Ne2 Nc6 8.
Bb2 O-O 9.d4 Bb6 10.O-O Bg4 11.f3 Be6 12.f4 Bd5 13.fxe5 Nxe5 14.Nf4 Bxg2 
15.Kxg2 Nc4 16.Bc1 Qe8 17.Qf3 Qa4 18.Rf2 Rae8 19.Nd5 Re6 20.Bf4 Ba5 21.Bg5
Qd7 22.Qf5 c6 23.Nb4 Bxb4 24.cxb4 Qxd4 25.Raf1 Re5 26.Qd3 Qxd3 27.cxd3 Nb6
28.Bc1 f6 29.Bb2 Rd5 30.Rf3 Rfd8 31.d4 Nc4 32.Bc3 Re8 33.Kf2 Kf7 34.Re1 
Rdd8 35.a4 Nb6 36.Ra1 Nd5 37.Bd2 Re4 38.Rd3 Nb6 39.a5 Nc4 40.Bc3 a6 41.
Rad1 Ke6 42.Re1 Rxe1 43.Bxe1 Kd5 44.Rf3 Re8 45.Rf5+ Kxd4 46.Rf4+ Kd3 47.
Rf3+ Re3 48.h4 Rxf3+ 49.Kxf3 Ne3 50.g4 Nc2 51.Bf2 Nxb4 52.Kf4 g6 53.h5 
Nd5+ 0-1

[Event "2nd EUR-ch (w)"]
[Site "Warsaw POL"]
[Date "2001.04.30"]
[Round "8.54"]
[White "Hlgatian, Goar"]
[Black "Calotescu, Ana-Cristina"]
[Result "0-1"]
[WhiteElo "2258"]
[BlackElo "2218"]
[EventDate "2001.04.21"]
[PlyCount "102"]

1.e4 c5 2.Nf3 d6 3.d4 Nf6 4.Nc3 cxd4 5.Nxd4 a6 6.Be2 e5 7.Nb3 Be7 8.O-O 
O-O 9.f4 Nbd7 10.a4 b6 11.f5 Bb7 12.Bf3 Rc8 13.Kh1 Rc7 14.Qe1 Qa8 15.Bg5 
Rfc8 16.Rd1 h6 17.Bc1 Rc4 18.Qh4 d5 19.Qg3 d4 20.Bxh6 Bf8 21.Nd5 Bxd5 22.
exd5 Rxc2 23.Bc1 e4 24.Nxd4 Rxc1 25.Rxc1 Rxc1 26.Rxc1 Qxd5 27.Rd1 exf3 28.
Qxf3 Ne4 29.Re1 Qxd4 30.Qxe4 Qxb2 31.g3 Nf6 32.Qf4 Qb3 33.Kg2 Qd5+ 34.Kh3 
Bd6 35.Qg5 b5 36.axb5 axb5 37.Rc1 b4 38.Rc8+ Bf8 39.Qf4 Qd7 40.Rb8 Nd5 41.
Qe4 Qd6 42.Qe8 Nf6 43.Qb5 Kh7 44.Qb7 Qc5 45.Qxf7 Qxf5+ 46.Kg2 Qe4+ 47.Kh3 
Qg4+ 48.Kg2 Qe2+ 49.Kh3 Qf1+ 50.Kh4 Qf5 51.h3 Kh6 0-1

[Event "2nd EUR-ch (w)"]
[Site "Warsaw POL"]
[Date "2001.04.30"]
[Round "8.55"]
[White "Johansson, Victoria"]
[Black "Alieva, Elmira"]
[Result "1-0"]
[WhiteElo "2149"]
[BlackElo "2257"]
[EventDate "2001.04.21"]
[PlyCount "61"]

1.d4 f5 2.g3 Nf6 3.Bg2 g6 4.Nd2 Bg7 5.e4 fxe4 6.Nxe4 d6 7.Nxf6+ Bxf6 8.c3 
c6 9.Bh6 Qb6 10.Qd2 c5 11.d5 Na6 12.Nf3 Qb5 13.h3 Qc4 14.Ng5 Nc7 15.Ne4 
Kf7 16.Nxf6 exf6 17.b3 Qa6 18.Be3 Bd7 19.c4 b5 20.Rc1 bxc4 21.bxc4 Rab8 
22.O-O Rb4 23.Rfe1 Re8 24.Bf1 Na8 25.Bd4 g5 26.Rxe8 Bxe8 27.Bc3 Rb8 28.Qc2
Kg8 29.Qf5 Bg6 30.Qxf6 Qb7 31.Re1 1-0

[Event "2nd EUR-ch (w)"]
[Site "Warsaw POL"]
[Date "2001.04.30"]
[Round "8.56"]
[White "Baklanova, Tatiana"]
[Black "Gvetadze, Sopio"]
[Result "0-1"]
[WhiteElo "2257"]
[BlackElo "2208"]
[EventDate "2001.04.21"]
[PlyCount "144"]

1.d4 d5 2.c4 e6 3.cxd5 exd5 4.Nc3 c6 5.Qc2 Bd6 6.Nf3 Ne7 7.e4 dxe4 8.Nxe4 
Bc7 9.Bg5 Ba5+ 10.Nc3 Be6 11.Be2 Nd7 12.O-O O-O 13.Na4 Bc7 14.Nc5 Nxc5 15.
dxc5 f6 16.Bd2 Kh8 17.Bd3 Bg8 18.Rfe1 Qd7 19.Rad1 Rae8 20.Re4 Nd5 21.Rh4 
f5 22.Bc4 Bd8 23.Rh3 Bf6 24.a3 Re7 25.Nh4 Bxh4 26.Rxh4 Qe8 27.h3 Be6 28.
Bd3 Kg8 29.Bg5 Rd7 30.Re1 Qg6 31.Bc1 Qf6 32.g3 Re7 33.b4 g5 34.Bb2 Qg6 35.
Rd4 Qh5 36.h4 h6 37.Be2 Qf7 38.Bd3 Rfe8 39.Qd2 Bd7 40.Rd1 f4 41.Bc4 fxg3 
42.fxg3 Qf3 43.Rd3 Re3 44.Rxe3 Rxe3 45.Bxd5+ cxd5 46.Qxd5+ Qxd5 47.Rxd5 
Bc6 48.Rd8+ Kf7 49.hxg5 Rxg3+ 50.Kf1 Rxg5 51.Bc1 Rf5+ 52.Ke1 h5 53.Rh8 Ke6
54.Be3 a6 55.Rh7 Kd5 56.Kd2 Kc4 57.Ke1 Kb3 58.Bc1 Kc2 59.Be3 Bb5 60.Bf2 
Re5+ 61.Be3 Rxe3+ 62.Kf2 Rxa3 63.Rxb7 h4 64.Rh7 Rh3 65.Rh6 Rc3 66.Kg1 Kb3 
67.Rxh4 Rc4 68.Rh3+ Kxb4 69.Kf2 a5 70.Ke1 a4 71.Kd2 a3 72.Rh1 a2 0-1

[Event "2nd EUR-ch (w)"]
[Site "Warsaw POL"]
[Date "2001.04.30"]
[Round "8.57"]
[White "Heymann, Ulrike"]
[Black "Sudakova, Irina"]
[Result "0-1"]
[WhiteElo "2188"]
[BlackElo "2256"]
[EventDate "2001.04.21"]
[PlyCount "64"]

1.e4 c5 2.Nf3 d6 3.d4 cxd4 4.Nxd4 Nf6 5.Nc3 Nc6 6.Bg5 e6 7.Qd2 a6 8.O-O-O 
Bd7 9.f4 b5 10.Bxf6 gxf6 11.Nxc6 Bxc6 12.Bd3 Qb6 13.Rhe1 h5 14.Kb1 O-O-O 
15.Ne2 Kb8 16.c4 bxc4 17.Bxc4 Bxe4+ 18.Ka1 d5 19.Nc3 Bb4 20.Qe2 Bxc3 21.
bxc3 Qc6 22.Qb2+ Ka8 23.Bd3 Rb8 24.Qa3 Bxd3 25.Rxd3 Rhg8 26.c4 Rxg2 27.
cxd5 Qc4 28.dxe6 Rxa2+ 29.Qxa2 Qxd3 30.Qg2+ Rb7 31.Qg8+ Ka7 32.Qg3 Qd4+ 
0-1

[Event "2nd EUR-ch (w)"]
[Site "Warsaw POL"]
[Date "2001.04.30"]
[Round "8.58"]
[White "Kucypera, Anna"]
[Black "Costagliola, Marina"]
[Result "1-0"]
[WhiteElo "2145"]
[BlackElo "2254"]
[EventDate "2001.04.21"]
[PlyCount "97"]

1.e4 e5 2.Nf3 Nc6 3.d4 exd4 4.Nxd4 Bb4+ 5.c3 Be7 6.Nxc6 bxc6 7.Bc4 Nf6 8.
e5 Ne4 9.Qe2 d5 10.exd6 Nxd6 11.Bd3 O-O 12.O-O Be6 13.Nd2 Re8 14.Nf3 c5 
15.Ne5 Bf6 16.f4 g6 17.b3 Bg7 18.Be3 f6 19.Nf3 Bf5 20.Bxf5 gxf5 21.Qd3 Ne4
22.Qc4+ Kh8 23.Bxc5 Rg8 24.Rad1 Qe8 25.Rd5 Bh6 26.Nh4 c6 27.Rd4 Qh5 28.
Nxf5 Nxc5 29.Nxh6 Qxh6 30.Qxc5 Rae8 31.Rd2 Qg7 32.Qxc6 Rc8 33.Qf3 Qc7 34.
c4 Rge8 35.Kh1 Re7 36.Re2 Rce8 37.Rxe7 Rxe7 38.h3 Qa5 39.Qf2 Qc3 40.Rd1 
Qa5 41.Rd5 Qc7 42.Qd4 Kg7 43.Rg5+ Kf7 44.Qd5+ Re6 45.f5 fxg5 46.Qxe6+ Kg7 
47.f6+ Kg6 48.f7+ Kg7 49.Qe8 1-0

[Event "2nd EUR-ch (w)"]
[Site "Warsaw POL"]
[Date "2001.04.30"]
[Round "8.59"]
[White "Khmiadashvili, Tamara"]
[Black "Lomakina, Galia"]
[Result "0-1"]
[WhiteElo "2241"]
[BlackElo "2134"]
[EventDate "2001.04.21"]
[PlyCount "76"]

1.d4 d6 2.g3 Nf6 3.Bg2 g6 4.e3 Bg7 5.Ne2 O-O 6.O-O Nbd7 7.a4 e5 8.a5 a6 9.
Nd2 Re8 10.dxe5 dxe5 11.b4 Nf8 12.e4 Be6 13.c4 Qc8 14.Qc2 Bh3 15.Bb2 Bxg2 
16.Kxg2 h6 17.h3 Ne6 18.f4 exf4 19.gxf4 c5 20.f5 Ng5 21.e5 Qc6+ 22.Nf3 Nh5
23.b5 axb5 24.cxb5 Qxb5 25.fxg6 fxg6 26.Nxg5 hxg5 27.Kg1 Ra6 28.Bc3 Rae6 
29.Rab1 Qd7 30.Rfd1 Qf7 31.Rf1 Qc7 32.Rf2 R8e7 33.Rbf1 Bxe5 34.Bxe5 Qxe5 
35.Qd3 Re8 36.Qb3 Qe4 37.Qb5 Qc6 38.Qc4 Qc7 0-1

[Event "2nd EUR-ch (w)"]
[Site "Warsaw POL"]
[Date "2001.04.30"]
[Round "8.60"]
[White "Sosnowska, Elzbieta"]
[Black "Erenska, Hanna"]
[Result "1/2-1/2"]
[WhiteElo "2095"]
[BlackElo "2246"]
[EventDate "2001.04.21"]
[PlyCount "45"]

1.e4 c5 2.Nf3 a6 3.d4 cxd4 4.Nxd4 Nf6 5.Bd3 Nc6 6.Nxc6 dxc6 7.O-O e5 8.Qe2
Be7 9.Nd2 Qc7 10.Nc4 Bg4 11.f3 Bh5 12.a4 Bc5+ 13.Be3 Nd7 14.a5 O-O 15.c3 
f6 16.Qf2 Bxe3 17.Nxe3 Bf7 18.Bc4 Rad8 19.b4 Bxc4 20.Nxc4 c5 21.Rfc1 g6 
22.Ne3 Kg7 23.Nd5 1/2-1/2

[Event "2nd EUR-ch (w)"]
[Site "Warsaw POL"]
[Date "2001.04.30"]
[Round "8.61"]
[White "Sasu-Ducsoara, Andreea"]
[Black "Morkunaite, Egle"]
[Result "1/2-1/2"]
[WhiteElo "2240"]
[BlackElo "2028"]
[EventDate "2001.04.21"]
[PlyCount "75"]

1.e4 c5 2.Nf3 Nc6 3.d4 cxd4 4.Nxd4 Nf6 5.Nc3 d6 6.f3 e5 7.Nb3 h6 8.Bc4 a6 
9.a4 Qc7 10.Be3 Nb4 11.Nd2 d5 12.exd5 Bc5 13.Bxc5 Qxc5 14.Bb3 Nfxd5 15.
Nxd5 Nxd5 16.Ne4 Qe3+ 17.Kf1 Qxe4 18.Qxd5 Qxd5 19.Bxd5 Bd7 20.Bxb7 Rb8 21.
Bxa6 Rxb2 22.Bd3 O-O 23.Kf2 Ra8 24.Rhb1 Rxb1 25.Rxb1 Bxa4 26.Ra1 Bc6 27.
Rxa8+ Bxa8 28.Ke3 Bd5 29.Be4 Be6 30.Bb7 f5 31.f4 e4 32.Kd4 Kf7 33.Ba6 Ke7 
34.Ke5 Bd7 35.Be2 g6 36.h3 h5 37.g3 Ba4 38.c4 1/2-1/2

[Event "2nd EUR-ch (w)"]
[Site "Warsaw POL"]
[Date "2001.04.30"]
[Round "8.63"]
[White "Fomina, Tatjana"]
[Black "Kadziolka, Beata"]
[Result "1-0"]
[WhiteElo "2278"]
[BlackElo "2164"]
[EventDate "2001.04.21"]
[PlyCount "87"]

1.e4 c5 2.Nf3 d6 3.Bc4 Nf6 4.c3 Nc6 5.Qe2 Bg4 6.h3 Bxf3 7.Qxf3 e6 8.d3 Be7
9.O-O O-O 10.Bb3 d5 11.Qe2 Qc7 12.Nd2 Rad8 13.Re1 dxe4 14.dxe4 Ne5 15.Bc4 
a6 16.a4 Rd7 17.Nf3 Nxc4 18.Qxc4 Rfd8 19.e5 Ne8 20.Bg5 Bxg5 21.Nxg5 h6 22.
Nf3 Qb6 23.Re2 Nc7 24.Rae1 Qc6 25.Re4 b5 26.axb5 axb5 27.Qe2 Rd3 28.Nd4 
R3xd4 29.cxd4 cxd4 30.Qd3 Nd5 31.Rxd4 Rc8 32.g3 Qb6 33.Qe4 Qa5 34.Red1 Qa2
35.Qb1 Qa7 36.Qd3 Qc7 37.f4 Qb6 38.Kh2 b4 39.f5 b3 40.fxe6 fxe6 41.Rf1 
Rc2+ 42.Kh1 Qb7 43.Qf3 Rxb2 44.Rf4 1-0

[Event "2nd EUR-ch (w)"]
[Site "Warsaw POL"]
[Date "2001.04.30"]
[Round "8.64"]
[White "Grigoryan, Meri"]
[Black "Dolzhikova, Olga"]
[Result "0-1"]
[WhiteElo "2052"]
[BlackElo "2229"]
[EventDate "2001.04.21"]
[PlyCount "52"]

1.Nf3 Nf6 2.g3 g6 3.Bg2 Bg7 4.d4 O-O 5.O-O d6 6.c3 Nfd7 7.e4 e5 8.Bg5 f6 
9.Be3 Kh8 10.Nbd2 f5 11.Ng5 Nf6 12.f4 Ng4 13.Qe2 h6 14.Nh3 Nxe3 15.Qxe3 
exd4 16.cxd4 fxe4 17.Qxe4 Qf6 18.Nb3 Nc6 19.d5 Bf5 20.Qc4 Nd4 21.Nd2 Nc2 
22.Ne4 Qd4+ 23.Qxd4 Bxd4+ 24.Kh1 Nxa1 25.Rxa1 Rfe8 26.Nc3 Re3 0-1

[Event "2nd EUR-ch (w)"]
[Site "Warsaw POL"]
[Date "2001.04.30"]
[Round "8.65"]
[White "Partac, Elena"]
[Black "Apanaviciute, Kristina"]
[Result "1/2-1/2"]
[WhiteElo "2216"]
[BlackElo "2019"]
[EventDate "2001.04.21"]
[PlyCount "41"]

1.e4 e5 2.Nf3 Nf6 3.Nxe5 d6 4.Nf3 Nxe4 5.d4 d5 6.Bd3 Nc6 7.O-O Be7 8.Re1 
Bg4 9.Bxe4 dxe4 10.Rxe4 Bxf3 11.Qxf3 Nxd4 12.Qd1 Ne6 13.Qe1 O-O 14.Nd2 Bf6
15.Nf3 c6 16.c3 Nc5 17.Re2 Nd3 18.Qd1 Nxc1 19.Qxc1 Qc7 20.Qc2 Rae8 21.Rae1
1/2-1/2

[Event "2nd EUR-ch (w)"]
[Site "Warsaw POL"]
[Date "2001.04.30"]
[Round "8.69"]
[White "Zawadzka, Magdalena"]
[Black "Rantanen, Tanja"]
[Result "1-0"]
[WhiteElo "2050"]
[BlackElo "2149"]
[EventDate "2001.04.21"]
[PlyCount "89"]

1.e4 c5 2.Nf3 Nf6 3.d3 d6 4.g3 Nc6 5.Bg2 e6 6.Nbd2 Be7 7.O-O O-O 8.h4 d5 
9.e5 Nd7 10.Re1 Qc7 11.Qe2 Re8 12.Nf1 b6 13.Bf4 Ba6 14.Ne3 Rac8 15.Nxd5 
exd5 16.e6 Qd8 17.exf7+ Kxf7 18.Qe6+ Kf8 19.Ne5 Ncxe5 20.Bxd5 Nf6 21.Rxe5 
Nxd5 22.Rxd5 Qxd5 23.Qxd5 Rcd8 24.Qf5+ Bf6 25.Qxh7 Bxb2 26.Rb1 Bd4 27.Kf1 
Bc8 28.Qh8+ Kf7 29.Qh5+ Kg8 30.g4 Re6 31.Re1 Rf8 32.Bg3 Ref6 33.f4 Rxf4+ 
34.Bxf4 Rxf4+ 35.Kg2 Bb7+ 36.Re4 Bxe4+ 37.dxe4 Rf2+ 38.Kg3 Rxc2 39.e5 Rxa2
40.e6 Ra3+ 41.Kf4 Bf6 42.g5 Ra4+ 43.Kf5 Ra5 44.Qe8+ Kh7 45.g6+ 1-0

[Event "2nd EUR-ch (w)"]
[Site "Warsaw POL"]
[Date "2001.04.30"]
[Round "8.70"]
[White "Chmielinska, Alicja"]
[Black "Ismailova, Parvana"]
[Result "1/2-1/2"]
[WhiteElo "2047"]
[BlackElo "2140"]
[EventDate "2001.04.21"]
[PlyCount "98"]

1.e4 c6 2.d4 d5 3.exd5 cxd5 4.Bd3 Nc6 5.c3 Nf6 6.Bf4 Bg4 7.Qb3 Na5 8.Qa4+ 
Bd7 9.Qc2 e6 10.Nf3 Qb6 11.a4 Rc8 12.Nbd2 Nh5 13.Be5 Nf6 14.Bxf6 gxf6 15.
O-O Nc6 16.Rfe1 Nb4 17.Qb1 Nxd3 18.Qxd3 Be7 19.Qc2 O-O 20.Nf1 Kh8 21.Ng3 
Rg8 22.Qd2 Rg6 23.Nh4 Rg5 24.Nf3 Rg4 25.h3 Rgg8 26.Kh1 Qd6 27.Qe3 Bd8 28.
Nh5 Qe7 29.Nh2 f5 30.Nf3 f6 31.Nh4 Qf7 32.Nf4 Bc7 33.Nf3 Rce8 34.Nd3 Re7 
35.Nc5 Bc8 36.Rad1 Qg6 37.Rg1 Qh5 38.Nd3 e5 39.dxe5 fxe5 40.Nf4 Qh6 41.
Nxd5 f4 42.Qe4 Qc6 43.Qe2 Reg7 44.Nxc7 e4 45.Ne5 Qh6 46.f3 exf3 47.Qxf3 
Rxc7 48.Qd3 Rcg7 49.Qd4 Rf8 1/2-1/2

[Event "2nd EUR-ch (w)"]
[Site "Warsaw POL"]
[Date "2001.04.30"]
[Round "8.71"]
[White "Pokojska, Daria"]
[Black "Winter, Astrid"]
[Result "1-0"]
[WhiteElo "2037"]
[BlackElo "2135"]
[EventDate "2001.04.21"]
[PlyCount "67"]

1.c4 c5 2.Nc3 Nf6 3.g3 d5 4.cxd5 Nxd5 5.Bg2 Nc7 6.Nf3 Nc6 7.O-O e5 8.d3 
Be7 9.Be3 O-O 10.Na4 b6 11.Rc1 f6 12.Ng5 fxg5 13.Bxc6 Rb8 14.Nc3 Qd6 15.
Bg2 g4 16.Ne4 Qd7 17.Qc2 Ne6 18.Qb3 Bb7 19.Bd2 Kh8 20.Nc3 Nd4 21.Qd1 Bxg2 
22.Kxg2 Qf5 23.Be3 Nf3 24.exf3 gxf3+ 25.Kh1 Qh3 26.Rg1 Qg4 27.Qf1 Rf5 28.
h3 Rh5 29.Kh2 Rd8 30.Rd1 Rd6 31.Ne4 Rg6 32.Rc1 Qe6 33.Rc4 Qd7 34.g4 1-0

[Event "2nd EUR-ch (w)"]
[Site "Warsaw POL"]
[Date "2001.04.30"]
[Round "8.72"]
[White "Szymanowska, Karolina"]
[Black "Ornstein, Petra"]
[Result "1/2-1/2"]
[WhiteElo "2130"]
[BlackElo "2035"]
[EventDate "2001.04.21"]
[PlyCount "47"]

1.e4 c5 2.Nf3 d6 3.d4 cxd4 4.Nxd4 Nf6 5.Nc3 e6 6.Bc4 Be7 7.O-O O-O 8.Be3 
Nc6 9.Bb3 a6 10.f4 Nxd4 11.Bxd4 b5 12.a3 Bb7 13.Qe2 Rc8 14.Rad1 Qa5 15.Qe3
Ng4 16.Qg3 Nf6 17.Qe3 Ng4 18.Qe2 e5 19.fxe5 dxe5 20.Qxg4 exd4 21.Nd5 Bxd5 
22.Bxd5 Rxc2 23.Rxf7 Rxf7 24.Qe6 1/2-1/2

[Event "2nd EUR-ch (w)"]
[Site "Warsaw POL"]
[Date "2001.05.01"]
[Round "9.2"]
[White "Kovalevskaya, Ekaterina"]
[Black "Mkrtchian, Lilit"]
[Result "1-0"]
[WhiteElo "2506"]
[BlackElo "2344"]
[EventDate "2001.04.21"]
[PlyCount "105"]

1.e4 e6 2.d4 d5 3.Nc3 Bb4 4.exd5 exd5 5.Bd3 Nc6 6.a3 Bxc3+ 7.bxc3 Nf6 8.
Ne2 O-O 9.O-O Na5 10.Bg5 h6 11.Bh4 Qd6 12.Qc1 Re8 13.Bg3 Qc6 14.Qf4 Re7 
15.Rae1 Nc4 16.Bh4 Bd7 17.Bxf6 Qxf6 18.Qxf6 gxf6 19.Nf4 Rxe1 20.Rxe1 c6 
21.Nh5 Be6 22.Nxf6+ Kg7 23.Nh5+ Kf8 24.Bxc4 dxc4 25.Ng3 c5 26.dxc5 Rc8 27.
Ne4 Rc6 28.f3 Ra6 29.Ra1 Bd5 30.Kf2 Bxe4 31.fxe4 Ra5 32.c6 bxc6 33.Ke3 Rb5
34.a4 Rb2 35.Kd2 Ke7 36.a5 Rb5 37.a6 Rh5 38.h3 Rg5 39.g4 h5 40.Rb1 hxg4 
41.Rb7+ Kd6 42.hxg4 Rxg4 43.Rxa7 Rxe4 44.Rxf7 Re8 45.a7 c5 46.Rb7 Ra8 47.
Ke3 Kc6 48.Rf7 Kb6 49.Ke4 Rxa7 50.Rxa7 Kxa7 51.Kd5 Kb6 52.Kd6 Kb5 53.Kc7 
1-0

[Event "2nd EUR-ch (w)"]
[Site "Warsaw POL"]
[Date "2001.05.01"]
[Round "9.5"]
[White "Grabuzova, Tatiana"]
[Black "Skripchenko-Lautier, Almira"]
[Result "1/2-1/2"]
[WhiteElo "2375"]
[BlackElo "2441"]
[EventDate "2001.04.21"]
[PlyCount "22"]

1.b3 e5 2.Bb2 Nc6 3.e3 d6 4.Nf3 f5 5.d4 e4 6.d5 Nce7 7.Nd4 Nf6 8.Bb5+ Kf7 
9.O-O a6 10.Be2 Nexd5 11.Bc4 c6 1/2-1/2

[Event "2nd EUR-ch (w)"]
[Site "Warsaw POL"]
[Date "2001.05.01"]
[Round "9.8"]
[White "Arakhamia-Grant, Ketevan"]
[Black "Lagvilava, Genrieta"]
[Result "1/2-1/2"]
[WhiteElo "2427"]
[BlackElo "2300"]
[EventDate "2001.04.21"]
[PlyCount "60"]

1.e4 c6 2.d4 d5 3.Nc3 dxe4 4.Nxe4 Nd7 5.Ng5 Ngf6 6.Bd3 e6 7.Qe2 Bd6 8.N1f3
h6 9.Ne4 Nxe4 10.Qxe4 Nf6 11.Qe2 Qc7 12.Bd2 b6 13.O-O-O Bb7 14.Ne5 O-O-O 
15.f4 Kb8 16.Rhf1 c5 17.dxc5 Bxc5 18.Kb1 Nd5 19.c4 Nb4 20.Be4 f6 21.Bxb7 
Qxb7 22.Bxb4 Bxb4 23.Nd3 Bd6 24.Rc1 Bc7 25.Rf3 Rhe8 26.c5 Rd4 27.Qc2 Red8 
28.c6 Qa6 29.Nf2 Qb5 30.Ne4 Qf5 1/2-1/2

[Event "2nd EUR-ch (w)"]
[Site "Warsaw POL"]
[Date "2001.05.01"]
[Round "9.10"]
[White "Pahtz, Elisabeth"]
[Black "Ovod, Evgenia"]
[Result "1/2-1/2"]
[WhiteElo "2358"]
[BlackElo "2383"]
[EventDate "2001.04.21"]
[PlyCount "68"]

1.e4 c5 2.Nf3 d6 3.d4 cxd4 4.Nxd4 Nf6 5.Nc3 g6 6.Be3 Bg7 7.f3 Nc6 8.Qd2 
Bd7 9.O-O-O Rc8 10.Kb1 Ne5 11.g4 h5 12.gxh5 Rxh5 13.Be2 Nc4 14.Bxc4 Rxc4 
15.Qd3 Qc8 16.Nde2 Ra5 17.Bd4 Be6 18.b3 Rxd4 19.Nxd4 Nd7 20.Nce2 Ne5 21.
Qd2 Qc5 22.c3 Qb6 23.Qb2 Qa6 24.Nxe6 fxe6 25.Nd4 Kd7 26.Rhg1 Bh6 27.Rg2 
Rc5 28.c4 Qb6 29.Ne2 Bg7 30.f4 Nxc4 31.Qxg7 Na3+ 32.Ka1 Nc2+ 33.Kb1 Na3+ 
34.Ka1 Nc2+ 1/2-1/2

[Event "2nd EUR-ch (w)"]
[Site "Warsaw POL"]
[Date "2001.05.01"]
[Round "9.12"]
[White "Petrenko, Svetlana"]
[Black "Zhukova, Natalia"]
[Result "1-0"]
[WhiteElo "2336"]
[BlackElo "2463"]
[EventDate "2001.04.21"]
[PlyCount "75"]

1.e4 e6 2.d4 d5 3.e5 c5 4.c3 Nc6 5.Nf3 Bd7 6.Be2 f6 7.exf6 Nxf6 8.O-O Bd6 
9.Na3 O-O 10.Nb5 Be7 11.c4 a6 12.Nc3 dxc4 13.Bxc4 b5 14.Bb3 c4 15.Bc2 Be8 
16.Ne4 Bh5 17.Neg5 Qd6 18.Qe1 Bg4 19.h3 Bf5 20.Bxf5 exf5 21.Qe6+ Qxe6 22.
Nxe6 Rfc8 23.a3 h6 24.Nf4 g5 25.Ng6 Bd6 26.Rd1 Re8 27.h4 Kg7 28.hxg5 Kxg6 
29.gxf6 f4 30.Bd2 a5 31.d5 Na7 32.Bxa5 Kxf6 33.Bc3+ Kf7 34.Re1 Red8 35.Re6
Nc8 36.Rf6+ Kg8 37.Rxh6 Ne7 38.Ng5 1-0

[Event "2nd EUR-ch (w)"]
[Site "Warsaw POL"]
[Date "2001.05.01"]
[Round "9.13"]
[White "Kachiani-Gersinska, Ketino"]
[Black "Radziewicz, Iweta"]
[Result "1/2-1/2"]
[WhiteElo "2456"]
[BlackElo "2345"]
[EventDate "2001.04.21"]
[PlyCount "34"]

1.d4 Nf6 2.c4 e6 3.g3 c5 4.d5 exd5 5.cxd5 d6 6.Nc3 g6 7.Bg2 Bg7 8.Nf3 O-O 
9.O-O Re8 10.Bf4 Na6 11.Re1 Bg4 12.h3 Bxf3 13.Bxf3 Qd7 14.e4 Rad8 15.Kg2 
c4 16.Be3 Nb4 17.Bxa7 Nd3 1/2-1/2

[Event "2nd EUR-ch (w)"]
[Site "Warsaw POL"]
[Date "2001.05.01"]
[Round "9.14"]
[White "Cosma, Elena-Luminita"]
[Black "Matveeva, Svetlana"]
[Result "1/2-1/2"]
[WhiteElo "2331"]
[BlackElo "2430"]
[EventDate "2001.04.21"]
[PlyCount "69"]

1.d4 Nf6 2.Nf3 g6 3.g3 Bg7 4.Bg2 d5 5.O-O O-O 6.c4 dxc4 7.Ne5 Nc6 8.Nxc6 
bxc6 9.Nc3 Rb8 10.Bxc6 Bh3 11.Bg2 Bxg2 12.Kxg2 Qd7 13.e4 Rfd8 14.Qe2 Qxd4 
15.Rd1 Qb6 16.Be3 Qa6 17.Rd4 Rxd4 18.Bxd4 Nd7 19.Rd1 Ne5 20.Nd5 e6 21.Ne3 
Qc6 22.Qc2 Nd3 23.Bxg7 Qxe4+ 24.Kg1 Kxg7 25.Nxc4 Rd8 26.Qc3+ f6 27.Nd6 
cxd6 28.Qc7+ Kh6 29.Qxd8 Ne1 30.Kf1 Nf3 31.Qxf6 Nxh2+ 32.Kg1 Nf3+ 33.Kf1 
Nh2+ 34.Kg1 Nf3+ 35.Kf1 1/2-1/2

[Event "2nd EUR-ch (w)"]
[Site "Warsaw POL"]
[Date "2001.05.01"]
[Round "9.15"]
[White "Matnadze, Ana"]
[Black "Stepovaya-Dianchenko, Tatiana"]
[Result "0-1"]
[WhiteElo "2332"]
[BlackElo "2440"]
[EventDate "2001.04.21"]
[PlyCount "96"]

1.d4 d5 2.Nf3 c6 3.g3 Nf6 4.Bg2 Bg4 5.O-O Nbd7 6.c4 e6 7.Qb3 Qb6 8.c5 Qa6 
9.Nc3 Be7 10.Re1 O-O 11.Bf4 b6 12.cxb6 axb6 13.a4 h6 14.Ne5 Nxe5 15.Bxe5 
Nd7 16.Bf4 Bf6 17.h3 Bh5 18.Bd6 Rfe8 19.g4 Bg6 20.e3 e5 21.dxe5 Bxe5 22.
Bxe5 Nxe5 23.f4 Nd3 24.Bf1 Be4 25.Nxe4 dxe4 26.Red1 Rad8 27.Qc3 Rd6 28.Rd2
Red8 29.Rg2 Qa7 30.Bxd3 Rxd3 31.Qe1 Qe7 32.Rc1 Qe6 33.Kh2 R8d6 34.Rc3 Rxc3
35.Qxc3 Rd3 36.Qe1 Qb3 37.Qh4 Rxe3 38.g5 hxg5 39.fxg5 Qd3 40.g6 Qd6+ 41.
Kg1 fxg6 42.b4 Qd1+ 43.Kh2 Re1 44.Kg3 Qd6+ 45.Kf2 Rb1 46.Qxe4 Rxb4 47.Qe3 
c5 48.Rg4 Qh2+ 0-1

[Event "2nd EUR-ch (w)"]
[Site "Warsaw POL"]
[Date "2001.05.01"]
[Round "9.16"]
[White "Vasylevich, Tatiana"]
[Black "Voiska, Margarita"]
[Result "1/2-1/2"]
[WhiteElo "2438"]
[BlackElo "2320"]
[EventDate "2001.04.21"]
[PlyCount "97"]

1.d4 e6 2.c4 f5 3.Nf3 Nf6 4.g3 d5 5.Bg2 c6 6.O-O Bd6 7.b3 Qe7 8.Bb2 b6 9.
Ne5 Bb7 10.Nd2 O-O 11.Rc1 Na6 12.e3 Rac8 13.Qe2 Rc7 14.Rfd1 Ne4 15.Ndf3 c5
16.dxc5 Naxc5 17.Bd4 Rfc8 18.Qb2 Nd7 19.Qa1 Nxe5 20.Nxe5 Ba3 21.Rc2 Nd6 
22.Bf1 dxc4 23.bxc4 Ne4 24.f3 Ng5 25.Be2 Rd8 26.Rcd2 Nf7 27.Nd3 Bc5 28.
Nxc5 bxc5 29.Bc3 Rcd7 30.Rxd7 Rxd7 31.Rxd7 Qxd7 32.Bxg7 Bxf3 33.Bxf3 Ng5 
34.Bg2 Qxg7 35.Qb1 Qe5 36.Kf2 Qd6 37.Ke2 Nf7 38.e4 f4 39.Qb3 Kf8 40.gxf4 
Qxf4 41.Qh3 Qe5 42.Qa3 Qd4 43.Qxa7 Qxe4+ 44.Kf2 Qd4+ 45.Kf1 Qd1+ 46.Kf2 
Qd2+ 47.Kf1 Qd3+ 48.Kf2 Qd2+ 49.Kf1 1/2-1/2